000 00266nam a22001217a 4500
008 180202b xxu||||| |||| 00| 0 eng d
041 _aeng
080 _a615
100 _a5
101 _aFAR
245 _aGBR Generic brand reference
_cKrinke,S.B
942 _2udc
_cBK
999 _c41699
_d41699